| 000 | 00421nam a2200145Ia 4500 | ||
|---|---|---|---|
| 008 | 180921t xxu||||| ||||o00| 0 eng d | ||
| 041 | _aeng | ||
| 080 | _aVol.3 1895-1907 | ||
| 245 | _aordinance : No.17 of 1907.An ordinance To Amend "The Joint Stock Companies' ordinance,1861." | ||
| 300 | _ap.887-888, 23 cm | ||
| 650 | _aJoint Stock Companies | ||
| 942 | _cBK | ||
| 999 |
_c49450 _d49450 |
||
| 003 | LK-CoDNM | ||
| 040 |
_aLK-CoDNM _dLK-CoDNM _eLK-CoDNM |
||